000 00414nam a22001697a 4500
003 NUST - PNEC
005 20170116181150.0
008 151124b xxu||||| |||| 00| 0 eng d
020 _a-
040 _cLIBRARY
082 _a621.4022 JAK
100 _915382
_aSons, John Wiley
245 _aHeat Transfer
_cJohn Wiley & Sons
260 _cc.1962
650 _915386
_aHeat--Transmission
_xME
942 _2ddc
_cBK
999 _c70932
_d70932